000 00524nam a2200169Ia 4500
008 140626s9999 xx 000 0 und d
100 _aMarcus, D.
245 _aDoes Attention-Deficit/ Hyperactivity Disorder have a dimensional latent structure? a taxometric analysis /
_cD. Marcus ... [et al.].
260 _cc2011.
300 _a120 : 2, page 427
440 _aJournal of Abnormal Psychology
521 _aPSYCH
650 _aADHD.
650 _aLatent structure.
650 _aTaxometric analysis.
942 _cSE
999 _c121294
_d121294